| 000 | 00573aam a2200217 4500 | ||
|---|---|---|---|
| 005 | 20160923120314.0 | ||
| 008 | 150325b xxu||||| |||| 00| 0 spa d | ||
| 041 | _aInglés | ||
| 082 | _a1.0.67 O63w | ||
| 100 |
_aOrganización Mundial del Turismo _99368 |
||
| 245 | _aThe world ecotourism summit | ||
| 260 | _aEspaña | ||
| 260 | _bOMT | ||
| 260 | _c2002 | ||
| 300 | _a140 páginas | ||
| 650 |
_aECOTURISMO _9923 |
||
| 650 |
_aPLANIFICACIÓN TURÍSTICA _91534 |
||
| 650 |
_aDESARROLLO TURÍSTICO _95393 |
||
| 650 |
_aEMPRESAS ECOTURÍSTICAS _922343 |
||
| 942 | _cBK | ||
| 999 |
_c1030 _d1030 |
||